LEADER 01162nam a2200265 i 4500 001 000000214115 003 CaOOAMICUS 005 20200807085538.0 008 131120s1978 it u000 u ita u 013 $a192970 040 $aSeMil$bita 100 1 $aDolto, Françoise.$0(OLS)http://semarc/name/21928 240 12$aL'Évangile au risque de la psychanalyse.$0(OLS)http://semarc/title/409606 245 10$aPsicanalisi del Vangelo /$cFrançoise Dolto, Gérard Sévérin ; traduzione di Dario Formentin. 260 $aMilano :$bRizzoli,$c1978. 300 $a156 p. ;$c22 cm. 650 4$aEsegesi biblica - Psicanalisi.$0(OLS)http://semarc/subject/516 700 1 $aFormentin, Dario.$0(OLS)http://semarc/name/76217 700 1 $aSévérin, Gérard.$0(OLS)http://semarc/name/76216 850 $aSeMil 852 $aSeMil$W1$xVenegono$y1$m2W I 310$j164543$B164543$CSeMilBibl$Z2$F175533 $81 961 $aSmarrito al 2021-12-16. -- Acquistata copia sostitutiva il 23/03/2022 996 $6245$aPsicanalisi del Vangelo$9(OLS)http://semarc/title/308588 996 $6260$aMilano :$bRizzoli$9(OLS)http://semarc/publisher/29824 LEADER 01092nam a2200241 i 4500 001 000000088758 003 CaOOAMICUS 005 20030801000000.0 008 030801s1977 xx u000 u und u 013 $a60999 020 $a88- 040 $aSeMil$bita 100 1 $aPonzini, Giuseppe.$0(OLS)http://semarc/name/9600 245 10$aAspetti della pastorale del Card. Andrea C. Ferrari Arcivescovo di Mil ano (1894-1921). Ricerca sui documenti ufficiali e le fonti edite. 260 $aMilano :$bIPL,$c1977. 300 $a550 p. 600 14$aFerrari, Andrea Carlo .$0(OLS)http://semarc/subject/1361 650 4$aPastorale.$0(OLS)http://semarc/subject/3408 850 $aSeMil 852 $aSeMil$W1$xVenegono$y1$m158 8 *$j51975$B51975$CSeMilBibl$Z2$F56358 $81 996 $6020$a88-$9(OLS)http://semarc/number/719 996 $6245$aAspetti della pastorale del Card. Andrea C. Ferrari Arcivescovo di Mil ano (1894-1921). Ricerca sui documenti ufficiali e le fonti edite$9(OLS)http://semarc/title/134603 996 $6260$aMilano :$bIPL$9(OLS)http://semarc/publisher/30350